Maiores Cidades do Brasil - Extremo - Statistics

Estatísticas Gerais
  • Esse quiz foi jogado 6 898 vezes
  • A pontuação média é 63 de 200
Estatísticas das Respostas
População Es. Cidade % Correto
12.141.890 SP São Paulo
99%
6.718.900 RJ Rio de Janeiro
98%
2.912.090 DF Brasília
95%
2.512.070 MG Belo Horizonte
93%
2.871.560 BA Salvador
93%
2.171.700 AM Manaus
90%
2.669.340 CE Fortaleza
89%
1.510.380 GO Goiânia
89%
1.933.110 PR Curitiba
88%
1.483.770 RS Porto Alegre
86%
1.645.730 PE Recife
83%
1.479.970 PA Belém
81%
884.120 RN Natal
76%
1.183.370 SP Campinas
75%
482.000 SC Florianópolis
75%
362.100 ES Vitória
74%
1.040.740 MA São Luís
73%
883.960 MS Campo Grande
71%
1.379.180 SP Guarulhos
70%
1.018.270 AL Maceió
70%
601.120 MT Cuiabá
69%
805.960 PB João Pessoa
69%
373.990 AC Rio Branco
68%
815.270 PI Teresina
67%
513.580 RJ Niterói
64%
432.990 SP Santos
64%
481.850 AP Macapá
61%
290.490 TO Palmas
61%
482.840 RO Porto Velho
59%
657.010 SE Aracaju
58%
243.660 SC São José
58%
916.470 RJ Duque de Caxias
57%
672.140 MG Uberlândia
57%
554.910 PR Londrina
55%
698.420 SP Osasco
55%
824.900 SP São Bernardo do Campo
55%
701.300 SP Ribeirão Preto
53%
718.770 SP Santo André
51%
390.070 RR Boa Vista
50%
570.480 SC Joinville
49%
1.084.050 RJ São Gonçalo
47%
491.950 RS Caxias do Sul
45%
672.460 SP Sorocaba
45%
416.040 PR Maringá
44%
458.290 RJ Campos dos Goytacazes
42%
326.330 MG Uberaba
42%
564.050 BA Feira de Santana
41%
562.410 MG Juiz de Fora
41%
161.130 SP São Caetano do Sul
41%
812.160 RJ Nova Iguaçu
40%
384.750 PE Olinda
40%
291.050 RJ Petrópolis
39%
340.740 SC Blumenau
38%
201.860 SC Chapecó
38%
423.880 SP Diadema
38%
400.940 SP Jundiaí
38%
432.720 SP São José do Rio Preto
38%
142.300 SC Balneário Camboriú
37%
491.440 ES Vila Velha
37%
272.890 RJ Volta Redonda
37%
370.520 SP Bauru
36%
256.390 PR Foz do Iguaçu
36%
319.370 RS Pelotas
36%
390.580 PB Campina Grande
35%
577.590 GO Aparecida de Goiânia
34%
436.140 MG Betim
34%
309.910 PR Cascavel
34%
176.000 BA Juazeiro
34%
263.440 CE Juazeiro do Norte
34%
707.260 SP São José dos Campos
34%
212.190 SC Criciúma
33%
162.790 SP Itu
33%
268.410 RS Santa Maria
33%
320.400 SP Guarujá
32%
260.370 PE Petrolina
32%
380.150 GO Anápolis
31%
165.860 RJ Cabo Frio
31%
510.910 RJ Belford Roxo
30%
410.810 SP Mogi das Cruzes
30%
395.460 SP Piracicaba
30%
343.970 PR Ponta Grossa
30%
513.950 ES Serra
30%
661.610 MG Contagem
29%
251.870 RJ Macaé
29%
224.080 SP Presidente Prudente
29%
305.830 BA Vitória da Conquista
29%
196.310 RJ Angra dos Reis
28%
274.180 SP Barueri
28%
136.820 BA Ilhéus
28%
687.020 PE Jaboatão dos Guararapes
28%
223.120 PA Santarém
28%
308.130 SP Taubaté
28%
346.990 SP Franca
27%
268.860 MG Governador Valadares
27%
389.560 MG Montes Claros
27%
325.070 SP Praia Grande
27%
472.910 SP Mauá
26%
241.890 SP São Carlos
26%
228.160 SP Marília
25%
365.110 SP São Vicente
25%
163.040 RJ Teresópolis
25%
320.610 PE Caruaru
24%
296.980 SP Limeira
24%
271.540 RN Mossoró
24%
346.620 RS Canoas
23%
287.160 SP Suzano
23%
529.290 PA Ananindeua
22%
229.360 SP Araraquara
22%
163.510 SP Bragança Paulista
22%
245.140 MA Imperatriz
22%
207.660 SC Itajaí
22%
242.470 RS Novo Hamburgo
22%
202.660 RS Rio Grande
22%
260.660 MG Ipatinga
21%
370.820 SP Itaquaquecetuba
21%
184.600 CE Sobral
21%
238.480 SP Americana
20%
205.860 MS Dourados
20%
201.400 SP Rio Claro
20%
223.630 MT Rondonópolis
20%
193.220 SP Araçatuba
19%
273.730 SP Embu das Artes
19%
232.040 RJ Magé
19%
222.680 PA Marabá
19%
289.910 PR São José dos Pinhais
19%
166.850 RJ Nova Friburgo
18%
285.590 BA Camaçari
17%
369.150 ES Cariacica
17%
198.100 RS Passo Fundo
17%
140.410 MG Patos de Minas
17%
163.320 MG Poços de Caldas
17%
218.440 GO Rio Verde
17%
472.410 RJ São João de Meriti
17%
289.660 SP Taboão da Serra
17%
196.530 AL Arapiraca
16%
249.210 SP Cotia
16%
162.480 RJ Nilópolis
16%
162.270 SP Pindamonhangaba
16%
235.900 RS São Leopoldo
16%
232.080 MG Divinópolis
15%
154.740 SC Lages
15%
158.720 RJ Maricá
15%
233.820 MG Sete Lagoas
15%
400.930 SP Carapicuíba
14%
249.100 SP Indaiatuba
14%
207.990 BA Itabuna
14%
331.770 PE Paulista
14%
332.410 MG Ribeirão das Neves
14%
279.120 SP Sumaré
14%
280.580 MT Várzea Grande
14%
322.290 CE Caucaia
13%
165.950 PR Guarapuava
13%
237.730 RJ Itaboraí
13%
237.700 SP Itapevi
13%
198.440 BA Lauro de Freitas
13%
149.330 PR Paranaguá
13%
138.010 MG Pouso Alegre
13%
239.830 RS Viamão
13%
141.150 SP Botucatu
12%
268.130 RS Gravataí
12%
230.850 SP Hortolândia
12%
164.880 SC Jaraguá do Sul
12%
145.550 SP Jaú
12%
149.310 ES Linhares
12%
169.270 SC Palhoça
12%
144.440 PI Parnaíba
12%
142.450 RJ Rio das Ostras
12%
182.730 RJ Barra Mansa
11%
139.960 BA Barreiras
11%
174.240 SP Itapecerica da Serra
11%
230.430 SP Jacareí
11%
194.310 GO Luziânia
11%
261.470 RN Parnamirim
11%
218.530 MG Santa Luzia
11%
171.400 TO Araguaína
10%
232.550 PR Colombo
10%
185.560 SP Ferraz de Vasconcelos
10%
226.320 CE Maracanaú
10%
176.100 RJ Mesquita
10%
144.200 SP Mogi Guaçu
10%
150.320 RJ Queimados
10%
191.960 SP Santa Bárbara d'Oeste
10%
210.310 RS Alvorada
9%
191.030 ES Cachoeiro de Itapemirim
9%
142.330 SP Franco da Rocha
9%
143.160 BA Jequié
9%
187.680 PA Parauapebas
9%
149.960 BA Teixeira de Freitas
9%
212.120 GO Águas Lindas de Goiás
8%
187.750 PE Cabo de Santo Agostinho
8%
175.490 SP Francisco Morato
8%
148.770 SP Itapetininga
8%
139.450 SP Santana de Parnaíba
8%
177.870 PA Castanhal
7%
177.910 SE Nossa Senhora do Socorro
7%
168.470 GO Valparaíso de Goiás
7%
179.790 MG Ibirité
6%
140.550 RS Sapucaia do Sul
6%
147.000 MA Timon
6%
157.830 PE Camaragibe
5%
Nenhum quiz correspondente encontrado
Distribuição das Pontuações
Porcentagem de Pessoas com Cada Pontuação
Percentil de Números Respondidos
Sua Pontuação Histórica
Você não jogou esse quiz